<?xml version="1.0" encoding="UTF-8"?>
<record
    xmlns:xsi="http://www.w3.org/2001/XMLSchema-instance"
    xsi:schemaLocation="http://www.loc.gov/MARC21/slim http://www.loc.gov/standards/marcxml/schema/MARC21slim.xsd"
    xmlns="http://www.loc.gov/MARC21/slim">

  <leader>00456nam a22001697a 4500</leader>
  <controlfield tag="005">20260618094310.0</controlfield>
  <datafield tag="020" ind1=" " ind2=" ">
    <subfield code="a">9788198712271</subfield>
  </datafield>
  <datafield tag="041" ind1=" " ind2=" ">
    <subfield code="a">English</subfield>
  </datafield>
  <datafield tag="082" ind1=" " ind2=" ">
    <subfield code="a">T16 R25 STE</subfield>
  </datafield>
  <datafield tag="100" ind1=" " ind2=" ">
    <subfield code="a">Stephen Jeyaseela </subfield>
  </datafield>
  <datafield tag="245" ind1=" " ind2=" ">
    <subfield code="a">Kaalaniya Thamizhagathil Sattmum Neethimuraimaiyum: Vazhakku Visaaranaigal, Theerppugal Mattrum Thandanaigal, 1544-1845</subfield>
  </datafield>
  <datafield tag="250" ind1=" " ind2=" ">
    <subfield code="a">01</subfield>
  </datafield>
  <datafield tag="260" ind1=" " ind2=" ">
    <subfield code="a">Chennai</subfield>
    <subfield code="b">NCBH</subfield>
    <subfield code="c">2025</subfield>
  </datafield>
  <datafield tag="300" ind1=" " ind2=" ">
    <subfield code="a">216</subfield>
  </datafield>
  <datafield tag="365" ind1=" " ind2=" ">
    <subfield code="b">185.00</subfield>
  </datafield>
  <datafield tag="942" ind1=" " ind2=" ">
    <subfield code="c">BK</subfield>
  </datafield>
  <datafield tag="999" ind1=" " ind2=" ">
    <subfield code="c">177044</subfield>
    <subfield code="d">177044</subfield>
  </datafield>
  <datafield tag="952" ind1=" " ind2=" ">
    <subfield code="0">0</subfield>
    <subfield code="1">0</subfield>
    <subfield code="4">0</subfield>
    <subfield code="7">0</subfield>
    <subfield code="a">PSG</subfield>
    <subfield code="b">PSG</subfield>
    <subfield code="d">2026-03-23</subfield>
    <subfield code="g">185.00</subfield>
    <subfield code="l">0</subfield>
    <subfield code="o">T16 R25 STE</subfield>
    <subfield code="p">153174</subfield>
    <subfield code="r">2026-03-23 11:16:59</subfield>
    <subfield code="v">185.00</subfield>
    <subfield code="w">2026-03-23</subfield>
    <subfield code="x">Tamil</subfield>
    <subfield code="y">BK</subfield>
  </datafield>
  <datafield tag="952" ind1=" " ind2=" ">
    <subfield code="0">0</subfield>
    <subfield code="1">0</subfield>
    <subfield code="4">0</subfield>
    <subfield code="7">0</subfield>
    <subfield code="a">PSG</subfield>
    <subfield code="b">PSG</subfield>
    <subfield code="d">2026-03-23</subfield>
    <subfield code="g">185.00</subfield>
    <subfield code="l">0</subfield>
    <subfield code="o">T16 R25 STE</subfield>
    <subfield code="p">154445</subfield>
    <subfield code="r">2026-06-18 09:43:31</subfield>
    <subfield code="v">185.00</subfield>
    <subfield code="w">2026-06-18</subfield>
    <subfield code="x">Tamil</subfield>
    <subfield code="y">BK</subfield>
  </datafield>
</record>
